Ayo Mery Dukh Wandaow / (Record no. 526444)

000 -LEADER
fixed length control field 00527nam a22001937a 4500
003 - CONTROL NUMBER IDENTIFIER
control field NUST
005 - DATE AND TIME OF LATEST TRANSACTION
control field 20190712071630.0
008 - FIXED-LENGTH DATA ELEMENTS--GENERAL INFORMATION
fixed length control field 190712b ||||| |||| 00| 0 eng d
020 ## - INTERNATIONAL STANDARD BOOK NUMBER
Qualifying information HBK.
038 ## - RECORD CONTENT LICENSOR
Staff Name Waseem
082 ## - DEWEY DECIMAL CLASSIFICATION NUMBER
Classification number 891.421
Author Mark HAM
100 ## - MAIN ENTRY--PERSONAL NAME
Personal name Tabassum, Hameed
9 (RLIN) 17448
245 ## - TITLE STATEMENT
Title Ayo Mery Dukh Wandaow /
260 ## - PUBLICATION, DISTRIBUTION, ETC.
Place of publication, distribution, etc. Faisalabad :
Name of publisher, distributor, etc. ILM Trust Publishers,
Date of publication, distribution, etc. 2008.
300 ## - PHYSICAL DESCRIPTION
Extent 256 p. ;
880 ## - ALTERNATE GRAPHIC REPRESENTATION
Linkage 100-01\r
Title حمید تبسم
880 ## - ALTERNATE GRAPHIC REPRESENTATION
Linkage 245-02\r
Title آؤمیرے دُکھ ونڈاوُ /
942 ## - ADDED ENTRY ELEMENTS (KOHA)
Source of classification or shelving scheme
Koha item type Book
Holdings
Withdrawn status Lost status Source of classification or shelving scheme Damaged status Not for loan Permanent Location Current Location Shelving location Date acquired Total Checkouts Full call number Barcode Date last seen Price effective from Koha item type
          Central Library (CL) Central Library (CL) Punjabi Literature 07/12/2019   891.421 HAM CL-E-203 07/12/2019 07/12/2019 Book
© 2023 Central Library, National University of Sciences and Technology. All Rights Reserved.